Education as dialogue : its prerequisites and its enemies

Αποθηκεύτηκε σε:
Λεπτομέρειες βιβλιογραφικής εγγραφής
Κύριος συγγραφέας: Kazepides, A. C.
Μορφή: Βιβλίο
Γλώσσα:English
Δημοσίευση: Montreal : McGill - Queen's University Press, 2010.
Θέματα:
Ετικέτες: Προσθήκη ετικέτας
Δεν υπάρχουν, Καταχωρήστε ετικέτα πρώτοι!

MARC

LEADER 00000cam a2200000 a 4500
001 1/111333
008 160711s2010####cn | ||| |||| ||eng||
020 |a 9780773538061 
040 |a GR-MyUa  |b gre  |c GR-MyUa  |e AACR2 
041 0 |a eng 
082 7 |a 370.1   |2 (23) 
100 1 |a Kazepides, A. C. 
245 1 0 |a Education as dialogue :   |b its prerequisites and its enemies /   |c Tasos Kazepides.  
260 |a Montreal :   |b McGill - Queen's University Press,   |c 2010.  
300 |a 207 σ. ;   |c 22 εκ.  
504 |a Περιλαμβάνει βιβλιογραφικές παραπομπές και ευρετήριο.  
650 0 |a Education  |x Philosophy. 
650 0 |a Dialogue. 
852 |a INST  |b RHODES  |e 20160711  |h 370.1 ΚΑΖ  |p 005400038633  |q 005400038633  |t BK  |y 0 
922 |a 4ΕΛΗ  |b 2016-05  |c ΤΑΚ/ΤΕΠΑΕΣ  |d ΔΙΑΔΡΟΜΕΣ 
970 |z 11-07-2016